000 00647nam a2200193 i 4500
001 92219
003 ES-MaACL
005 20230906180924.0
007 t|
008 050223s1953 sp a |||| |dspa d
245 0 0 _aLibro homenaje al doctor Rozábal
_b: simposium de problemas actuales de medicina interna /
_cpor los doctores Aguilar Muñoz ... [et al.].
260 _aMadrid :
_b[Estades],
_c1953.
300 _a690 p. :
_bil. ;
_c25 cm.
600 1 4 _aRozábal, Francisco.
_9211962
650 0 4 _aMedicina interna-
_vCongresos y asambleas.
_914926
700 1 _aAguilar Muñoz, J.
_9168750
852 _aES-MaACL
_jC-5714
999 _c92219
_d92219